| 000 | 00633nam a2200217 i 4500 | ||
|---|---|---|---|
| 001 | 40969 | ||
| 003 | ES-MaACL | ||
| 005 | 20230906160341.0 | ||
| 007 | t| | ||
| 008 | 030307s1970 sp ||||1| spa d | ||
| 020 | _a84-254-0508-4 | ||
| 080 | _a177.6 | ||
| 100 | 1 |
_aQuoist, Michel. _994807 |
|
| 245 | 1 | 0 |
_aCartas de amor _b: Luis y Teresa / _cpresentadas y anotadas por Michel Quoist ; versión castellana, Enrique Molina. |
| 250 | _a2ª ed. | ||
| 260 |
_aBarcelona : _bHerder, _c1970. |
||
| 300 |
_a238 p. ; _c20 cm. |
||
| 650 | 0 | 4 |
_aNoviazgo. _915640 |
| 700 | 1 |
_aMolina Campos, Enrique. _981917 |
|
| 852 |
_aES-MaACL _jC-44266 |
||
| 999 |
_c40969 _d40969 |
||